00528nam a2200169Ia 450000500170000000800410001702000150005808200130007310000200008624500240010626000240013030000120015450000740016694200060024095200970024699900150034320250623022600.0240331s9999 xx 000 0 und d a9559111000 bPUNa323 aPunchihewa, S.G 0aMinis ayithiwasakam aColombobMDDRc1990 a72 p ., aA statement from the movement for the Protection of democratic Rights cL 001040708LaWERCLbWERCLcSSCd2024-03-31l0o 323.4 PUNp1648r2024-03-31w2024-03-31yL c2498d2498